banner-ar

MUSEE Bonnat: (Record no. 66114)

MARC details
000 -الفاتح
حقل البيانات ثابتة الطول 00483nam a2200181Ia 4500
005 - وقت وتاريخ اخر تعامل مع التسجيلة
رقم الضبط 20240530110900.0
008 - عناصر البيانات ثابتة الطول - معلومات عامة
حقل البيانات ثابتة الطول 140319s1962 xx 000 0 eng d
040 ## - مصدر الفهرسة
وكالة الفهرسة الأصلية GCL /
وكالة النسخ GCL
082 04 - رقم تصنيف ديوى العشرى
رقم التصنيف 069.09/
رقم المادة B M
100 1# - المدخل الرئيسى - إسم شخصى
الإسم الشخصى Bayonne, Ville De
245 10 - بيان العنوان
العنوان MUSEE Bonnat:
بقية العنوان Catalogue Sommaire /
بيان المسئوليه,etc Ville De Bayonne
260 ## - PUBLICATION, DISTRIBUTION, ETC. (IMPRINT)
تاريخ النشر أو التوزيع 1962.
300 ## - الوصف المادى
التعداد 98 p.;
أبعاد الوعاء 19 cm.
650 04 - المدخل الاضافى بالموضوع-مصطلح موضوعى
مصطلح موضوعي MUSEUMS
650 04 - المدخل الاضافى بالموضوع-مصطلح موضوعى
مصطلح موضوعي MUSEUM Cataloging
942 ## - عناصر المدخل الإضافي( كوها)
مصدر التصنيف او مخطط الترفيف Dewey Decimal Classification
Koha [default] item type كتاب
260 ## - PUBLICATION, DISTRIBUTION, ETC. (IMPRINT)
-- Paris :
-- Musees Nationaux،
Holdings
حالة التراجع حالة الفقد مصدر التصنيف او خطة الترفيف حالة تلف ليس للاعارة المكان المؤقت الموقع الحالى موقع الترفيف تاريخ الاكتساب اجمالي اﻻعارات رقم الطلب الباركود تاريخ اخر مشاهدة تاريخ تفعيل السعر نوع وعاء كوها
    ddc     مكتبة القاهرة الكبرى مكتبة القاهرة الكبرى   02/03/2022   069.09/ B M 167339 02/03/2022 02/03/2022 كتاب

Powered By

EGPV